00630nam a22002177a 4500003000500000005001700005008004100022010001000063011001000073035001000083040000900093082001400102100003000116245003800146260007900184300000600263490002900269500004200298650004300340830002900383CHAP20220329135308.0971013s1983 r 00010 d a33948 a34920 a39036 cCHAP a465.3bM400aMéndez Alfaro, Medardo. aComunicación agrícola escrita aMéxico, D.F. :bInstituto Nacional de Investigaciones Agrícolas,c1983 av aTemas didácticosv; 16 aLa biblioteca tiene: v.1 Ortografía14aEspañolxOrtografía y redacción.0 aTemas didácticosv; 16